Statistics for Biggest Oceanian Cities with Exceptions

Click here to take the quiz!

General Stats

  • This quiz has been taken 35 times
  • The average score is 9 of 21

Answer Stats

Population Country / Territory City % Correct
802,459HawaiiHonolulu
97%
361,125Papua New GuineaPort Moresby
94%
185,913FijiSuva
84%
68,531SamoaApia
75%
80,082Solomon IslandsHoniara
69%
51,437VanuatuPort Vila
66%
56,388KiribatiSouth Tarawa
63%
35,184TongaNuku'alofa
59%
99,926New CaledoniaNouméa
38%
136,771French PolynesiaPapeete
38%
71,048FijiNadi
31%
148,934Papua New GuineaLae
31%
52,263Northern MarianasSaipan
25%
233,859Papua (Indonesia)Jayapura
19%
118,017West PapuaSorong
13%
55,934HawaiiKahului
13%
71,573FijiLautoka
13%
113,682HawaiiKailua
9%
57,882FijiNausori
6%
37,825Papua New GuineaWewak
6%
44,943GuamDededo
3%

Score Distribution

Percentile by Number Answered

Percent of People with Each Score

Your Score History

You have not taken this quiz